000
00323nam a22001457a 4500
020
_a
978-93-86429-29-2
082
_a
894.812.3
_b
HAM/C
100
_a
HAMSAKOYA, P.A
245
_a
PODIKKATIL MOODIYA KRASIDA
260
_a
THRISSUR
_b
CURRENT BOOKS
_c
2021
300
_a
139
520
_a
NOVEL
650
_a
NOVEL
942
_c
BK
999
_c
4921
_d
4921